Statistics for MLB Baseball Single Season Batting Average by Franchise

Click here to take the quiz!

General Stats

  • This quiz has been taken 92 times
  • The average score is 14 of 30

Answer Stats

TeamAnswerAvg.Year% Correct
Boston Red SoxTed Williams.4061941
92%
San Diego PadresTony Gwynn.3941994
89%
New York YankeesBabe Ruth.3931923
85%
Detroit TigersTy Cobb.4191911
85%
Colorado RockiesLarry Walker.3791999
83%
Kansas City RoyalsGeorge Brett.3901980
82%
Seattle MarinersIchiro Suzuki.3722004
79%
Minnesota TwinsRod Carew.3881977
76%
Houston AstrosJeff Bagwell.3681994
74%
Arizona DiamondbacksLuis Gonzalez.3361999
74%
Milwaukee BrewersPaul Molitor.3531987
68%
Oakland AthleticsNap Lajoie.4261901
56%
Texas RangersJosh Hamilton.3592010
55%
New York MetsJohn Olerud.3541998
48%
Toronto Blue JaysJohn Olerud.3631993
48%
Cleveland IndiansShoeless Joe Jackson.4081911
44%
Baltimore OriolesGeorge Sisler.4221922
35%
Chicago White SoxLuke Appling.3881936
35%
Los Angeles AngelsDarin Erstad.3552000
29%
San Francisco GiantsBill Terry.4011930
23%
Miami MarlinsHanley Ramirez.3422009
18%
Atlanta BravesHugh Duffy.4401894
18%
Pittsburgh PiratesArky Vaughan.3851935
15%
Los Angeles DodgersBabe Herman.3931930
14%
Washington NationalsDaniel Murphy.3472016
14%
Philadelphia PhilliesTuck Turner.4181894
12%
Cincinnati RedsCy Seymour.3771905
5%
Chicago CubsRoss Barnes.4291876
3%
St. Louis CardinalsTip O'Neill.4351887
3%
Tampa Bay RaysJeff Keppinger.3252012
0%

Score Distribution

Percentile by Number Answered

Percent of People with Each Score

Your Score History

You have not taken this quiz